000 00429nam a2200181Ia 4500
005 20250423095038.0
008 250422s9999 xx 000 0 und d
020 _a9781405187404
050 _aTX 354 .D53/
245 0 _aDictionary of food science and technology
250 _a2nd ed.
260 _aUnited Kingdom
260 _bWilley-Blackwell
260 _c2005
300 _a473 p
650 _a Food.
942 _cBK
999 _c29075
_d29075